<?xml version='1.0' encoding='UTF-8'?>
  <record xmlns="http://www.loc.gov/MARC21/slim">
    <leader>00000cam a2200000 i 4500</leader>
    <controlfield tag="001">ocm77876532</controlfield>
    <controlfield tag="003">OCoLC</controlfield>
    <controlfield tag="005">20250724025140.7</controlfield>
    <controlfield tag="008">790402s1888    au f          000 0 ger d</controlfield>
    <datafield tag="040" ind1=" " ind2=" ">
      <subfield code="a">NIC</subfield>
      <subfield code="b">eng</subfield>
      <subfield code="c">VXG</subfield>
      <subfield code="d">OCLCG</subfield>
      <subfield code="d">OCLCF</subfield>
      <subfield code="d">OCLCO</subfield>
      <subfield code="d">OCLCQ</subfield>
      <subfield code="d">QGJ</subfield>
      <subfield code="d">OCLCO</subfield>
      <subfield code="d">OCLCQ</subfield>
      <subfield code="d">OCLCL</subfield>
      <subfield code="d">OCLCQ</subfield>
      <subfield code="d">OCLCL</subfield>
    </datafield>
    <datafield tag="019" ind1=" " ind2=" ">
      <subfield code="a">1037682975</subfield>
    </datafield>
    <datafield tag="029" ind1="1" ind2=" ">
      <subfield code="a">GEBAY</subfield>
      <subfield code="b">8777883</subfield>
    </datafield>
    <datafield tag="035" ind1=" " ind2=" ">
      <subfield code="a">(OCoLC)77876532</subfield>
      <subfield code="z">(OCoLC)1037682975</subfield>
    </datafield>
    <datafield tag="043" ind1=" " ind2=" ">
      <subfield code="a">e-au---</subfield>
    </datafield>
    <datafield tag="082" ind1=" " ind2="4">
      <subfield code="a">500</subfield>
      <subfield code="q">OCoLC</subfield>
      <subfield code="1">https://id.oclc.org/worldcat/ddc/E38rcWXWBWG6GjxQx7CDpXR9pG</subfield>
    </datafield>
    <datafield tag="100" ind1="1" ind2=" ">
      <subfield code="a">Ettingshausen, Constantin,</subfield>
      <subfield code="c">Freiherr von,</subfield>
      <subfield code="d">1826-1897.</subfield>
    </datafield>
    <datafield tag="245" ind1="1" ind2="4">
      <subfield code="a">Die fossile Flora von Leoben in Steiermark /</subfield>
      <subfield code="c">von Constantin Freiherrn von Ettingshausen.</subfield>
    </datafield>
    <datafield tag="260" ind1=" " ind2=" ">
      <subfield code="a">Wien :</subfield>
      <subfield code="b">Aus der Kaiserlich-Königlichen Hof- und Staatsdruckerei,</subfield>
      <subfield code="c">1888.</subfield>
    </datafield>
    <datafield tag="300" ind1=" " ind2=" ">
      <subfield code="a">2 volumes in 1 :</subfield>
      <subfield code="b">9 plates ;</subfield>
      <subfield code="c">31 cm</subfield>
    </datafield>
    <datafield tag="336" ind1=" " ind2=" ">
      <subfield code="a">text</subfield>
      <subfield code="b">txt</subfield>
      <subfield code="2">rdacontent</subfield>
    </datafield>
    <datafield tag="337" ind1=" " ind2=" ">
      <subfield code="a">unmediated</subfield>
      <subfield code="b">n</subfield>
      <subfield code="2">rdamedia</subfield>
    </datafield>
    <datafield tag="338" ind1=" " ind2=" ">
      <subfield code="a">volume</subfield>
      <subfield code="b">nc</subfield>
      <subfield code="2">rdacarrier</subfield>
    </datafield>
    <datafield tag="500" ind1=" " ind2=" ">
      <subfield code="a">Besonders abgedruckt aus dem LIV. Bande der Denkschriften der Mathematisch-naturwissenschaftlichen Classe der Kaiserlichen Akademie der Wissenschaften.</subfield>
    </datafield>
    <datafield tag="505" ind1="0" ind2=" ">
      <subfield code="a">Th. 1. Enthaltend die Cryptogamen, Gymnospermen, Monocotyledonen und Apetalen. -- Th. 2. Enthaltend die Gamopetalen und Dialypetalen.</subfield>
    </datafield>
    <datafield tag="650" ind1=" " ind2="0">
      <subfield code="a">Plants, Fossil</subfield>
      <subfield code="z">Austria</subfield>
      <subfield code="z">Leoben (Styria)</subfield>
    </datafield>
    <datafield tag="650" ind1=" " ind2="0">
      <subfield code="a">Paleobotany</subfield>
      <subfield code="z">Austria</subfield>
      <subfield code="z">Leoben (Styria)</subfield>
    </datafield>
    <datafield tag="650" ind1=" " ind2="7">
      <subfield code="a">Paleobotany.</subfield>
      <subfield code="2">fast</subfield>
      <subfield code="0">(OCoLC)fst01051324</subfield>
    </datafield>
    <datafield tag="650" ind1=" " ind2="7">
      <subfield code="a">Plants, Fossil.</subfield>
      <subfield code="2">fast</subfield>
      <subfield code="0">(OCoLC)fst01066174</subfield>
    </datafield>
    <datafield tag="651" ind1=" " ind2="7">
      <subfield code="a">Austria</subfield>
      <subfield code="z">Leoben (Styria)</subfield>
      <subfield code="2">fast</subfield>
      <subfield code="0">(OCoLC)fst01314780</subfield>
      <subfield code="1">https://id.oclc.org/worldcat/entity/E39QbtfRtPRjH3Mx699ycgwjvB</subfield>
    </datafield>
    <datafield tag="776" ind1="0" ind2="8">
      <subfield code="i">Online version:</subfield>
      <subfield code="a">Ettingshausen, Constantin, Freiherr von, 1826-1897.</subfield>
      <subfield code="t">Fossile Flora von Leoben in Steiermark.</subfield>
      <subfield code="d">Wien, Aus der Kaiserlich-Königlichen Hof- und Staatsdruckerei, 1888</subfield>
      <subfield code="w">(OCoLC)903616082</subfield>
    </datafield>
    <datafield tag="936" ind1=" " ind2=" ">
      <subfield code="a">BATCHLOAD</subfield>
    </datafield>
  </record>